000
00333 a2200157 4500
001
50130
020
_a
040
_c
Anchieta - Bela Vista
100
_a
Veloso, Mabel
240
1
0
_a
Bonequinhos de papel
_l
por
245
1
0
_a
Bonequinhos de papel
300
_a
44
362
0
_a
2005
650
4
_a
Literatura infantil
942
_c
BK
999
_c
50130
_d
50130